Countries with the letter a - Statistics

General Stats
  • This quiz has been taken 36 times
    20 since last reset
  • The average score is 130 of 166
Answer Stats
Answer % Correct
Albania
100%
Australia
100%
Argentina
94%
Austria
94%
Azerbaijan
94%
Canada
94%
Finland
94%
France
94%
Germany
94%
India
94%
Japan
94%
Madagascar
94%
New Zealand
94%
Nigeria
94%
Spain
94%
United Arab Emirates
94%
United States of America
94%
Afghanistan
88%
Andorra
88%
Angola
88%
Armenia
88%
Brazil
88%
Chad
88%
Denmark
88%
Iceland
88%
Ireland
88%
Jamaica
88%
Kenya
88%
Kuwait
88%
Mali
88%
Nauru
88%
Netherlands
88%
Panama
88%
Portugal
88%
Saint Lucia
88%
Uganda
88%
Vietnam
88%
Zambia
88%
Algeria
81%
Bangladesh
81%
Bolivia
81%
Bosnia and Herzegovina
81%
Bulgaria
81%
Cambodia
81%
Cameroon
81%
Central African Republic
81%
Croatia
81%
Cuba
81%
Democratic Republic of the Congo
81%
East Timor
81%
Eritrea
81%
Estonia
81%
Eswatini
81%
Ethiopia
81%
Ghana
81%
Guinea
81%
Guinea-Bissau
81%
Iran
81%
Iraq
81%
Israel
81%
Italy
81%
Jordan
81%
Kazakhstan
81%
Kiribati
81%
Kyrgyzstan
81%
Laos
81%
Latvia
81%
Libya
81%
Malawi
81%
Mauritania
81%
Mauritius
81%
Mongolia
81%
Nepal
81%
North Korea
81%
Norway
81%
Pakistan
81%
Paraguay
81%
Poland
81%
Romania
81%
Russia
81%
Samoa
81%
Saudi Arabia
81%
Slovakia
81%
Solomon Islands
81%
South Korea
81%
South Sudan
81%
Sudan
81%
Syria
81%
Uruguay
81%
Uzbekistan
81%
Vatican City
81%
Zimbabwe
81%
Bahamas
75%
Bahrain
75%
Bhutan
75%
Burkina Faso
75%
China
75%
Colombia
75%
Dominica
75%
Dominican Republic
75%
Ecuador
75%
Equatorial Guinea
75%
Haiti
75%
Hungary
75%
Ivory Coast
75%
Lebanon
75%
Malaysia
75%
Micronesia
75%
Monaco
75%
Myanmar
75%
Papua New Guinea
75%
Rwanda
75%
Saint Vincent and the Grenadines
75%
Serbia
75%
Singapore
75%
Slovenia
75%
South Africa
75%
Suriname
75%
Switzerland
75%
Tajikistan
75%
Thailand
75%
Tonga
75%
Turkmenistan
75%
Tuvalu
75%
Ukraine
75%
Venezuela
75%
Barbados
69%
Belarus
69%
Costa Rica
69%
El Salvador
69%
Gabon
69%
Gambia
69%
Georgia
69%
Guatemala
69%
Guyana
69%
Indonesia
69%
Liberia
69%
Lithuania
69%
Marshall Islands
69%
Moldova
69%
Namibia
69%
Nicaragua
69%
North Macedonia
69%
Oman
69%
Palau
69%
Qatar
69%
San Marino
69%
Sao Tome and Principe
69%
Senegal
69%
Somalia
69%
Tanzania
69%
Vanuatu
69%
Antigua and Barbuda
63%
Cape Verde
63%
Honduras
63%
Maldives
63%
Mozambique
63%
Saint Kitts and Nevis
63%
Sri Lanka
63%
Taiwan
63%
Trinidad and Tobago
63%
Botswana
56%
Malta
56%
Tunisia
56%
Grenada
50%
Sierra Leone
50%
No matching quizzes found
Score Distribution
Percent of People with Each Score
Percentile by Number Answered
Your Score History
You have not taken this quiz since the last reset